[Event "Leamington Spa 4NCL op-B 28th"]
[Site "Leamington Spa"]
[Date "2022.07.10"]
[Round "4"]
[White "Timbrell, Matthew"]
[Black "Coward, Neil"]
[Result "0-1"]
[WhiteElo "1709"]
[BlackElo "1787"]
[PlyCount "89"]
[EventDate "2022.07.08"]
[EventType "swiss"]
[EventRounds "5"]
[EventCountry "ENG"]
[SourceTitle "CBM 209 Extra"]
[Source "ChessBase"]
[SourceDate "2022.09.30"]
[SourceVersion "1"]
[SourceVersionDate "2022.09.30"]
[SourceQuality "1"]

1. c4 c5 2. Nc3 Nc6 3. g3 g6 4. Bg2 Bg7 5. Nf3 Nf6 6. d4 cxd4 7. Nxd4 0-0 8. 0-0 Ng4 9. e3 Nxd4 10. exd4 Nf6 11. Qb3 d6 12. Be3 Ng4 13. Rac1 Nxe3 14. fxe3 Rb8 15. Qa3 a6 16. b4 Bf5 17. Nd5 e5 18. dxe5 Bxe5 19. e4 Be6 20. c5 Bxd5 21. exd5 Rc8 22. Qd3 dxc5 23. bxc5 Qa5 24. Qe3 Rfe8 25. Qf2 Rf8 26. Rfd1 Qa4 27. d6 Qd7 28. Rb1 Qg4 29. Bxb7 Rb8 30. c6 h5 31. Rd3 Qe4 32. Rbd1 h4 33. d7 hxg3 34. hxg3 Bc7 35. Qd4 Qe6 36. Ra3 Rxb7 37. Rxa6 Rbb8 38. Rd3 Rb1+ 39. Rd1 Rxd1+ 40. Qxd1 Qe3+ 41. Kg2 Qxg3+ 42. Kf1 Qh3+ 43. Ke2 Qg2+ 44. Kd3 Qd5+ 45. Ke3 0-1

[Event "Leamington Spa 4NCL op-B 28th"]
[Site "Leamington Spa"]
[Date "2022.07.09"]
[Round "2"]
[White "Veselow, Zoe"]
[Black "Coward, Neil"]
[Result "1-0"]
[WhiteElo "1641"]
[BlackElo "1787"]
[PlyCount "113"]
[EventDate "2022.07.08"]
[EventType "swiss"]
[EventRounds "5"]
[EventCountry "ENG"]
[SourceTitle "CBM 209 Extra"]
[Source "ChessBase"]
[SourceDate "2022.09.30"]
[SourceVersion "1"]
[SourceVersionDate "2022.09.30"]
[SourceQuality "1"]

1. e4 c5 2. Nf3 Nc6 3. d4 cxd4 4. Nxd4 g6 5. Be3 Bg7 6. g3 Nf6 7. Bg2 0-0 8. 0-0 d6 9. Nc3 Ng4 10. Nxc6 bxc6 11. Bd2 Qb6 12. Rb1 Ne5 13. b3 Bg4 14. Qc1 Bf3 15. Bh6 Bxg2 16. Bxg7 Bxf1 17. Bxf8 Rxf8 18. Qxf1 Nf3+ 19. Kg2 Nd2 20. Na4 Qd8 21. Qc1 Nxb1 22. Qxb1 Qa5 23. Qd1 Qe5 24. f3 c5 25. c3 Rd8 26. Qd3 Qe6 27. Nxc5 Qc8 28. Na4 Qc6 29. c4 e6 30. Nc3 Qc5 31. f4 Qa3 32. Qd2 Qa5 33. Qd4 Qc5 34. Qd3 f5 35. exf5 Qxf5 36. Qxf5 exf5 37. Nd5 Kf7 38. Kf2 Re8 39. Nc7 Re7 40. Nd5 Re4 41. Nc3 Re8 42. Nb5 Ke7 43. Nxa7 Kd7 44. Nb5 Kc6 45. a3 Kc5 46. b4+ Kc6 47. Nc3 Ra8 48. a4 Rb8 49. Nd5 Re8 50. Nf6 Re7 51. a5 Rb7 52. Nd5 Rb8 53. Nb6 Re8 54. b5+ Kc5 55. Nd7+ Kxc4 56. b6 Kb5 57. b7 1-0

[Event "Torquay Rowena Challengers"]
[Site "Torquay"]
[Date "2019.09.02"]
[Round "2"]
[White "Brooks, Paul2222"]
[Black "Coward, Neil"]
[Result "0-1"]
[WhiteElo "1826"]
[BlackElo "1760"]
[PlyCount "60"]
[EventDate "2019.09.01"]
[EventType "swiss"]
[EventRounds "7"]
[EventCountry "ENG"]
[SourceTitle "CBM 192 Extra"]
[Source "Chessbase"]
[SourceDate "2019.11.06"]
[SourceVersion "1"]
[SourceVersionDate "2019.11.06"]
[SourceQuality "1"]

1. d4 d5 2. c4 e5 3. dxe5 d4 4. Nf3 Nc6 5. Nbd2 Bg4 6. h3 Bh5 7. a3 Bxf3 8. Nxf3 Qd7 9. b4 0-0-0 10. Bb2 f6 11. exf6 Nxf6 12. b5 Ne7 13. Nxd4 Nf5 14. e3 Bc5 15. Nb3 Qe7 16. Bd3 Nxe3 17. Bxf6 Nxg2+ 18. Kf1 Qxf6 19. Qg4+ Kb8 20. Qxg2 Rhf8 21. Nxc5 Qxa1+ 22. Ke2 Qb2+ 23. Ke3 Qd4+ 24. Ke2 Qxc5 25. Rd1 Qxa3 26. Qg3 g6 27. Kf1 Qe7 28. Re1 Qf7 29. Re3 Rfe8 30. Rxe8 Rxe8 0-1

[Event "Torquay Paignton Bloodworth op"]
[Site "Torquay"]
[Date "2018.09.08"]
[Round "7"]
[White "Annetts, Ivor S"]
[Black "Coward, Neil"]
[Result "1/2-1/2"]
[WhiteElo "147"]
[BlackElo "148"]
[PlyCount "102"]
[EventDate "2018.09.02"]
[EventType "swiss"]
[EventRounds "7"]
[EventCountry "ENG"]
[SourceTitle "CBM 187 Extra"]
[Source "ChessBase"]
[SourceDate "2018.11.04"]
[SourceVersion "1"]
[SourceVersionDate "2018.11.04"]
[SourceQuality "1"]

1. e4 c5 2. c3 g6 3. d4 cxd4 4. cxd4 Bg7 5. Nc3 a6 6. Be3 d6 7. Nf3 Nf6 8. h3 0-0 9. Bd3 Nc6 10. Rc1 Bd7 11. 0-0 Rc8 12. Qd2 Qa5 13. d5 Nb8 14. Bh6 b5 15. Bxg7 Kxg7 16. a3 Rc7 17. Qe3 Rfc8 18. Nd2 Rb7 19. Nb3 Qd8 20. Ne2 Rxc1 21. Rxc1 Rc7 22. Nbd4 Rxc1+ 23. Qxc1 Qc8 24. Qxc8 Bxc8 25. f3 Nfd7 26. b4 Ne5 27. Bc2 Nc4 28. a4 bxa4 29. Bxa4 Nb2 30. Nc3 Bd7 31. Bxd7 Nxd7 32. Nc6 Kf6 33. Kf2 Nc4 34. Ke2 e6 35. f4 e5 36. g3 exf4 37. gxf4 g5 38. Kf3 gxf4 39. Kxf4 Nde5 40. Nxe5 Nxe5 41. b5 axb5 42. Nxb5 Nc4 43. Nxd6 Nxd6 44. e5+ Ke7 45. exd6+ Kxd6 46. Ke4 h5 47. h4 f6 48. Kf5 Kxd5 49. Kxf6 Kd6 50. Kf7 Ke5 51. Kg6 Ke6 1/2-1/2

[Event "Torquay Paignton Bloodworth op"]
[Site "Torquay"]
[Date "2018.09.06"]
[Round "5"]
[White "Rogers, David R"]
[Black "Coward, Neil"]
[Result "1/2-1/2"]
[WhiteElo "132"]
[BlackElo "148"]
[PlyCount "94"]
[EventDate "2018.09.02"]
[EventType "swiss"]
[EventRounds "7"]
[EventCountry "ENG"]
[SourceTitle "CBM 187 Extra"]
[Source "ChessBase"]
[SourceDate "2018.11.04"]
[SourceVersion "1"]
[SourceVersionDate "2018.11.04"]
[SourceQuality "1"]

1. d4 c5 2. d5 Qa5+ 3. c3 Nf6 4. g3 g6 5. Bg2 d6 6. Nd2 Bg7 7. e4 0-0 8. Ne2 Nbd7 9. 0-0 b5 10. c4 bxc4 11. Nxc4 Qb5 12. Na3 Qb8 13. Nc3 Ba6 14. Re1 Ne5 15. Bf1 Bxf1 16. Rxf1 Qc8 17. Qe2 Qh3 18. f3 h5 19. Qg2 Qc8 20. Qe2 Rb8 21. Bg5 c4 22. Nab5 a6 23. Nd4 Qb7 24. Rab1 Rfc8 25. Kg2 Qd7 26. Be3 Rb7 27. h3 Rcb8 28. Nd1 Nd3 29. Nc6 Rc8 30. Nf2 Rxb2 31. Rxb2 Nxb2 32. Bd4 Nd3 33. Nxd3 cxd3 34. Qxd3 Ne8 35. Bxg7 Kxg7 36. Qxa6 Nc7 37. Qc4 e6 38. Re1 exd5 39. exd5 Nxd5 40. Qxd5 Qxc6 41. Qd4+ Kh7 42. Rd1 Ra8 43. Rd2 Ra3 44. Qf4 f5 45. Rf2 Qd5 46. Qd2 Rd3 47. Qe2 Kg7 1/2-1/2

[Event "Paignton Morning Boniface op"]
[Site "Torquay"]
[Date "2018.09.05"]
[Round "3"]
[White "Abbott, Mark V"]
[Black "Coward, Neil"]
[Result "1-0"]
[WhiteElo "1880"]
[BlackElo "1760"]
[PlyCount "53"]
[EventDate "2018.09.03"]
[EventType "swiss"]
[EventRounds "5"]
[EventCountry "ENG"]
[SourceTitle "EXT 2021"]
[Source "ChessBase"]
[SourceDate "2020.10.23"]
[SourceVersion "1"]
[SourceVersionDate "2020.10.23"]
[SourceQuality "1"]

1. c4 c5 2. g3 g6 3. Bg2 Bg7 4. Nc3 Nf6 5. e4 Nc6 6. Nge2 0-0 7. 0-0 d6 8. d3 Bg4 9. h3 Bd7 10. Be3 Qc8 11. Kh2 h5 12. Qd2 Ne5 13. f4 Nc6 14. Rf2 Nd4 15. Raf1 a6 16. e5 dxe5 17. fxe5 Ne8 18. Nd5 Qd8 19. Nxd4 cxd4 20. Bxd4 Bc6 21. Bc5 Bxd5 22. Bxd5 Bxe5 23. Bxf7+ Rxf7 24. Rxf7 Nf6 25. Rxe7 Ne4 26. Qh6 Bxg3+ 27. Kg2 1-0

[Event "BCF-chT3N 1718 (4NCL)"]
[Site "England"]
[Date "2018.01.14"]
[Round "4.106"]
[White "Coward, Neil"]
[Black "Paul, Nathanael"]
[Result "0-1"]
[WhiteElo "1767"]
[BlackElo "1865"]
[PlyCount "92"]
[EventDate "2017.11.11"]
[EventType "team-swiss"]
[EventRounds "11"]
[EventCountry "ENG"]
[SourceTitle "EXT 2020"]
[Source "ChessBase"]
[SourceDate "2019.10.17"]
[SourceVersion "1"]
[SourceVersionDate "2019.10.17"]
[SourceQuality "1"]
[WhiteTeam "Manchester Manticores III"]
[BlackTeam "Shropshire"]
[WhiteTeamCountry "ENG"]
[BlackTeamCountry "ENG"]

1. e4 c6 2. d4 d5 3. Nc3 dxe4 4. Nxe4 Bf5 5. Nc3 e6 6. Nf3 Nd7 7. Bd3 Bg6 8. 0-0 Ngf6 9. Ne2 Qc7 10. Nf4 Bd6 11. Ne2 0-0-0 12. Bg5 Bxd3 13. Qxd3 Rdg8 14. Bh4 g5 15. Bg3 h5 16. Bxd6 Qxd6 17. Qa3 Qxa3 18. bxa3 Ne4 19. Rfd1 g4 20. Nd2 Nxd2 21. Rxd2 Nb6 22. Rd3 Rg5 23. Nc3 Rd8 24. Ne4 Rgd5 25. Nf6 Rxd4 26. Rxd4 Rxd4 27. Nxh5 Rc4 28. Nf6 Nd5 29. Nxd5 cxd5 30. h4 gxh3 31. gxh3 Rxc2 32. Kg2 Kd7 33. h4 Ke7 34. Rb1 b6 35. Rb3 Kf6 36. Rf3+ Kg7 37. Rg3+ Kh7 38. Rf3 Rc7 39. Kg3 e5 40. Rf5 Re7 41. Kf3 Kg7 42. Ke3 f6 43. Rh5 Re8 44. Rf5 Rc8 45. Kd2 Rc4 46. Rh5 Ra4 0-1

[Event "BCF-ch 103rd U180/2050"]
[Site "Bournemouth"]
[Date "2016.07.25"]
[Round "1"]
[White "Coward, Neil"]
[Black "Pride, Stephen C"]
[Result "1/2-1/2"]
[WhiteElo "1770"]
[BlackElo "1646"]
[PlyCount "69"]
[EventDate "2016.07.25"]
[EventType "swiss"]
[EventRounds "5"]
[EventCountry "ENG"]
[SourceTitle "EXT 2019"]
[Source "ChessBase"]
[SourceDate "2018.10.10"]
[SourceVersion "1"]
[SourceVersionDate "2018.10.10"]
[SourceQuality "1"]

1. e4 d6 2. d4 Nf6 3. Bd3 e5 4. dxe5 dxe5 5. Nf3 Bd6 6. 0-0 Bg4 7. h3 Bh5 8. Nc3 a6 9. Qe2 Nc6 10. Be3 0-0 11. Rad1 Qd7 12. Na4 Nd4 13. Bxd4 Qxa4 14. Bc3 Rfe8 15. b3 Qd7 16. Qe3 Qe7 17. Be2 Rad8 18. Bd3 Bc5 19. Qe2 Bd4 20. Bd2 Rd7 21. g4 Bg6 22. Nh4 Red8 23. Nxg6 hxg6 24. Bg5 Qd6 25. Kg2 Qc6 26. f4 exf4 27. Rxf4 Be5 28. Rf3 Re8 29. Bh4 Kf8 30. Be1 Kg8 31. Bb4 Bd6 32. Bxd6 Qxd6 33. Rdf1 Qe5 34. Re1 Red8 35. a4 1/2-1/2

[Event "BCF-ch Week1 PM op"]
[Site "Bournemouth"]
[Date "2016.07.25"]
[Round "1"]
[White "Harman, Kenneth B"]
[Black "Coward, Neil"]
[Result "1-0"]
[WhiteElo "2143"]
[BlackElo "1770"]
[PlyCount "63"]
[EventDate "2016.07.25"]
[EventType "swiss"]
[EventRounds "5"]
[EventCountry "ENG"]
[SourceTitle "CBM 173 Extra"]
[Source "ChessBase"]
[SourceDate "2016.08.29"]
[SourceVersion "1"]
[SourceVersionDate "2016.08.29"]
[SourceQuality "1"]

1. e4 c5 2. Nf3 Nc6 3. d4 cxd4 4. Nxd4 g6 5. c4 Nf6 6. Nc3 d6 7. Be2 Nxd4 8. Qxd4 Bg7 9. 0-0 0-0 10. Bg5 Be6 11. Qd2 Rc8 12. b3 a6 13. Rac1 Re8 14. f3 Qa5 15. Be3 Nd7 16. Rfd1 b5 17. Nd5 Qxd2 18. Rxd2 Bxd5 19. Rxd5 bxc4 20. Rxc4 Ne5 21. Rxc8 Rxc8 22. Bxa6 Ra8 23. Ra5 Nc6 24. Ra4 Bc3 25. Bb5 Rxa4 26. Bxa4 Nb4 27. a3 Nc2 28. Bc1 Kf8 29. Kf1 e6 30. Ke2 Bg7 31. b4 Ke7 32. Bxc2 1-0

[Event "West Bromwich 4NCL op-B 9th"]
[Site "West Bromwich"]
[Date "2016.07.09"]
[Round "3.13"]
[White "Wiltshir, Richard"]
[Black "Coward, Neil"]
[Result "1/2-1/2"]
[WhiteElo "1662"]
[BlackElo "1770"]
[PlyCount "107"]
[EventDate "2016.07.08"]
[EventType "swiss"]
[EventRounds "5"]
[EventCountry "ENG"]
[SourceTitle "EXT 2023"]
[Source "ChessBase"]
[SourceDate "2022.10.05"]
[SourceVersion "1"]
[SourceVersionDate "2022.10.05"]
[SourceQuality "1"]

1. d4 d5 2. Nf3 Nf6 3. g3 g6 4. Bg2 Bg7 5. 0-0 0-0 6. Nbd2 c6 7. b3 Bf5 8. Nh4 Bd7 9. Ba3 Re8 10. c4 Be6 11. Nhf3 Na6 12. Ng5 Bc8 13. Bb2 Qa5 14. Ngf3 Bf8 15. a3 Qd8 16. Rc1 Nc7 17. b4 dxc4 18. Nxc4 Be6 19. Na5 Rb8 20. Nc4 Ncd5 21. Re1 Bh6 22. e3 Ne4 23. Nfe5 Nd6 24. Nxd6 Qxd6 25. Ng4 Bg7 26. Ne5 Nb6 27. Rc5 Bxe5 28. dxe5 Qxd1 29. Rxd1 Red8 30. Bd4 Nc4 31. a4 b6 32. Rxc6 Nxe5 33. Rc7 Bg4 34. Rdc1 Nd3 35. Rb1 e5 36. Ba1 a5 37. h3 Bf5 38. g4 Be6 39. bxa5 bxa5 40. Rbb7 Rxb7 41. Rxb7 Nc5 42. Rb1 f6 43. Bc3 Nb3 44. Bf1 Rc8 45. Be1 Rc2 46. Bb5 Kf8 47. Rd1 Ke7 48. Kg2 Bc8 49. Kg3 Be6 50. h4 f5 51. g5 Ra2 52. Bc3 Nc5 53. f3 Bb3 54. Rd2 1/2-1/2

[Event "BCF-chT3Na 1516 (4NCL)"]
[Site "England"]
[Date "2016.02.14"]
[Round "6.77"]
[White "Coward, Neil"]
[Black "Nezis, Anastasios"]
[Result "1/2-1/2"]
[WhiteElo "1930"]
[BlackElo "1910"]
[PlyCount "78"]
[EventDate "2015.11.14"]
[EventType "team-swiss"]
[EventRounds "7"]
[EventCountry "ENG"]
[SourceTitle "EXT 2017"]
[Source "ChessBase"]
[SourceDate "2016.10.25"]
[SourceVersion "1"]
[SourceVersionDate "2016.10.25"]
[SourceQuality "1"]
[WhiteTeam "Manchester Manticores III"]
[BlackTeam "Jorvik"]
[WhiteTeamCountry "ENG"]
[BlackTeamCountry "ENG"]

1. e4 c5 2. d4 cxd4 3. c3 Nf6 4. e5 Nd5 5. Qxd4 e6 6. Nf3 Nc6 7. Qe4 f5 8. exf6 Nxf6 9. Qc2 Qc7 10. Bd3 Ne5 11. Nxe5 Qxe5+ 12. Qe2 Bd6 13. Qxe5 Bxe5 14. 0-0 b6 15. Nd2 Bb7 16. Nc4 Bc7 17. h3 0-0 18. Be3 Nd5 19. Rad1 b5 20. Na3 Nxe3 21. fxe3 a6 22. Rxf8+ Rxf8 23. Rf1 g6 24. Rxf8+ Kxf8 25. Nc2 Ke7 26. Kf2 Kf6 27. Nd4 d5 28. Nb3 Bb6 29. Be2 h5 30. Bf3 e5 31. Nd2 Bc5 32. Nb3 Bb6 33. Nd2 Bc5 34. Nb3 Bb6 35. Nd2 a5 36. a3 a4 37. g4 hxg4 38. Bxg4 Bc6 39. Nf3 Bc5 1/2-1/2

[Event "BCF-ch Week2 PM op"]
[Site "Coventry"]
[Date "2015.08.06"]
[Round "4"]
[White "Brown, Geoffrey M"]
[Black "Coward, Neil"]
[Result "0-1"]
[WhiteElo "1726"]
[BlackElo "1831"]
[PlyCount "150"]
[EventDate "2015.08.03"]
[EventType "swiss"]
[EventRounds "5"]
[EventCountry "ENG"]
[SourceTitle "CBM 167 Extra"]
[Source "ChessBase"]
[SourceDate "2015.09.14"]
[SourceVersion "1"]
[SourceVersionDate "2015.09.14"]
[SourceQuality "1"]

1. f4 c5 2. Nf3 Nc6 3. e4 g6 4. Be2 Bg7 5. 0-0 e6 6. Kh1 Nge7 7. d3 0-0 8. a4 d5 9. Na3 dxe4 10. dxe4 Nd4 11. Nxd4 cxd4 12. Bd3 Nc6 13. Bd2 Bd7 14. Nc4 Ne7 15. Qe1 Bc6 16. Na5 Qd7 17. Nxc6 Nxc6 18. b4 Rfe8 19. Qh4 Qe7 20. Qxe7 Nxe7 21. g4 Rac8 22. Rf2 e5 23. f5 f6 24. h4 gxf5 25. gxf5 Kh8 26. Rg1 Rg8 27. Rfg2 Bf8 28. b5 Rxg2 29. Rxg2 Ng8 30. Kh2 Bh6 31. Kh3 Bxd2 32. Rxd2 b6 33. Be2 Nh6 34. Bh5 Rc3+ 35. Kg2 Kg7 36. Bd1 Nf7 37. Rd3 Rxd3 38. cxd3 Nd6 39. Kf2 Nb7 40. Ke2 Nc5 41. Bc2 Kh6 42. Kf3 Kh5 43. Kg3 a6 44. bxa6 Nxa6 45. Bd1+ Kh6 46. Bb3 Nc5 47. Bc2 Kg7 48. Kg4 Kh6 49. Kg3 Na6 50. Bb3 Nb4 51. Bc4 Nc2 52. Bb5 Ne3 53. Kh3 Kg7 54. Kg3 h6 55. Kf2 Kf8 56. Kf3 Ke7 57. Kg3 Kd6 58. Kf2 Kc5 59. Kg3 Kb4 60. Kf3 Kc3 61. Kg3 Kd2 62. Kf3 Ke1 63. Ba6 Kf1 64. Kg3 Ke2 65. Bb5 Kd2 66. Kf3 Kc3 67. Kg3 Kb4 68. Kf3 Kb3 69. Kg3 Kc2 70. Kf3 Kd2 71. Kg3 Ke2 72. Kh3 Kf2 73. Ba6 Ng2 74. Kg4 Nf4 75. Bc4 h5# 0-1

[Event "BCF-ch Week2 AM op"]
[Site "Coventry"]
[Date "2015.08.06"]
[Round "4"]
[White "Larwood, Peter"]
[Black "Coward, Neil"]
[Result "1/2-1/2"]
[WhiteElo "1952"]
[BlackElo "1831"]
[PlyCount "72"]
[EventDate "2015.08.03"]
[EventType "swiss"]
[EventRounds "5"]
[EventCountry "ENG"]
[SourceTitle "CBM 167 Extra"]
[Source "ChessBase"]
[SourceDate "2015.09.14"]
[SourceVersion "1"]
[SourceVersionDate "2015.09.14"]
[SourceQuality "1"]

1. c4 c5 2. g3 g6 3. Bg2 Bg7 4. Nc3 Nf6 5. Nf3 0-0 6. 0-0 Nc6 7. a3 d6 8. Rb1 Bf5 9. d3 Qc8 10. Bd2 Bh3 11. b4 Bxg2 12. Kxg2 cxb4 13. axb4 b6 14. b5 Nd8 15. Rb3 Qb7 16. e4 Ne6 17. Qe2 Nc5 18. Ra3 a6 19. bxa6 Rxa6 20. Rfa1 Rfa8 21. Rxa6 Rxa6 22. Rxa6 Qxa6 23. e5 dxe5 24. Qxe5 Qb7 25. Qe2 Ng4 26. Kg1 e6 27. d4 Nb3 28. Nb5 Nxd2 29. Nxd2 Nf6 30. Qf3 Qxf3 31. Nxf3 Nd7 32. Kf1 e5 33. Ke2 e4 34. Nd2 f5 35. f3 exf3+ 36. Kxf3 Bh6 1/2-1/2

[Event "BCF-ch Week2 AM op"]
[Site "Coventry"]
[Date "2015.08.03"]
[Round "1"]
[White "Coward, Neil"]
[Black "Patrick, David A"]
[Result "0-1"]
[WhiteElo "1831"]
[BlackElo "1861"]
[PlyCount "53"]
[EventDate "2015.08.03"]
[EventType "swiss"]
[EventRounds "5"]
[EventCountry "ENG"]
[SourceTitle "CBM 167 Extra"]
[Source "ChessBase"]
[SourceDate "2015.09.14"]
[SourceVersion "1"]
[SourceVersionDate "2015.09.14"]
[SourceQuality "1"]

1. e4 e6 2. d4 d5 3. Nc3 Nf6 4. e5 Nfd7 5. Nf3 c5 6. dxc5 Bxc5 7. Bd3 Nc6 8. Bf4 Be7 9. 0-0 0-0 10. Qe2 Nc5 11. a3 Nxd3 12. Qxd3 Bd7 13. Rfe1 Rc8 14. Qd2 a6 15. Rac1 Na5 16. Rb1 Nc4 17. Qd3 b5 18. Nd4 b4 19. axb4 Bxb4 20. Qg3 f6 21. exf6 Qxf6 22. Be5 Nxe5 23. Qxe5 Qxf2+ 24. Kh1 Rf6 25. Nf3 Rxf3 26. Nxd5 Rf5 27. Qe3 0-1

[Event "BCF-ch U180"]
[Site "Coventry"]
[Date "2015.07.29"]
[Round "3"]
[White "Coward, Neil"]
[Black "Pride, Stephen C"]
[Result "1/2-1/2"]
[WhiteElo "1831"]
[BlackElo "1655"]
[PlyCount "105"]
[EventDate "2015.07.27"]
[EventType "swiss"]
[EventRounds "5"]
[EventCountry "ENG"]
[SourceTitle "EXT 2016"]
[Source "ChessBase"]
[SourceDate "2015.10.08"]
[SourceVersion "1"]
[SourceVersionDate "2015.10.08"]
[SourceQuality "1"]

1. e4 d6 2. d4 Nf6 3. Nc3 e5 4. dxe5 dxe5 5. Qxd8+ Kxd8 6. Bg5 Be6 7. 0-0-0+ Kc8 8. Nf3 Nbd7 9. h3 c6 10. a3 Kc7 11. Nd2 h6 12. Be3 Bc5 13. Bxc5 Nxc5 14. Bc4 Rhe8 15. Bxe6 Rxe6 16. b4 Ncd7 17. Nc4 Nb6 18. Ne3 g6 19. a4 Rd8 20. a5 Nc8 21. f3 Rxd1+ 22. Rxd1 Rd6 23. Nc4 Rxd1+ 24. Kxd1 Nd7 25. Ke2 Nd6 26. Ne3 h5 27. Kd3 a6 28. Nc4 Nxc4 29. Kxc4 Kd6 30. Na4 h4 31. c3 f6 32. Nb2 b5+ 33. axb6 Nxb6+ 34. Kb3 c5 35. Na4 Nxa4 36. Kxa4 cxb4 37. cxb4 Kc6 38. Ka5 Kb7 39. b5 axb5 40. Kxb5 Kc7 41. Kc5 Kd7 42. Kd5 Ke7 43. Kc6 Ke6 44. Kc7 Ke7 45. Kc8 Ke8 46. Kc7 Ke7 47. Kc6 Ke6 48. Kc5 Kd7 49. Kd5 g5 50. Kc5 Kc7 51. Kd5 Kd7 52. Kc5 Kc7 53. Kd5 1/2-1/2

[Event "Bolton Easter op"]
[Site "Bolton"]
[Date "2015.04.03"]
[Round "2"]
[White "Coward, Neil"]
[Black "House, Glenn"]
[Result "0-1"]
[WhiteElo "1815"]
[BlackElo "2210"]
[PlyCount "88"]
[EventDate "2015.04.03"]
[EventType "swiss"]
[EventRounds "5"]
[EventCountry "ENG"]
[SourceTitle "CBM 165 Extra"]
[Source "ChessBase"]
[SourceDate "2015.04.21"]
[SourceVersion "1"]
[SourceVersionDate "2015.04.21"]
[SourceQuality "1"]

1. e4 c5 2. d4 e6 3. c3 d5 4. e5 Nc6 5. Nf3 Bd7 6. Bd3 cxd4 7. cxd4 Qb6 8. 0-0 Nxd4 9. Nxd4 Qxd4 10. Nc3 a6 11. Qe2 Ne7 12. Kh1 Nc6 13. f4 Nb4 14. Rd1 Qb6 15. a3 Nxd3 16. Qxd3 g6 17. Ne4 Be7 18. Nf6+ Bxf6 19. exf6 Ba4 20. Re1 Qb3 21. Qd4 Qc4 22. Qb6 0-0 23. Be3 Qb3 24. Qd4 Rac8 25. Qe5 Rc2 26. Bd4 Qd3 27. Bc3 Qf5 28. Qxf5 gxf5 29. Bd4 Rfc8 30. Bc3 h6 31. h3 Kh7 32. Rac1 Rxc1 33. Rxc1 d4 34. Bd2 Rxc1+ 35. Bxc1 Kg6 36. Kg1 Kxf6 37. Kf2 Ke7 38. b4 Kd6 39. Bb2 Kd5 40. Ke2 Ke4 41. Bc1 Bb5+ 42. Kf2 h5 43. Ke1 f6 44. Kd1 Bf1 0-1

[Event "BCF-ch Week2 PM op"]
[Site "Aberystwyth"]
[Date "2014.08.01"]
[Round "5"]
[White "Coward, Neil"]
[Black "Barr, Steven"]
[Result "1/2-1/2"]
[WhiteElo "1834"]
[BlackElo "1864"]
[PlyCount "93"]
[EventDate "2014.07.28"]
[EventType "swiss"]
[EventRounds "5"]
[EventCountry "WLS"]
[SourceTitle "EXT 2017"]
[Source "ChessBase"]
[SourceDate "2016.10.25"]
[SourceVersion "1"]
[SourceVersionDate "2016.10.25"]
[SourceQuality "1"]

1. e4 e6 2. d4 d5 3. e5 c5 4. c3 Nc6 5. Nf3 Bd7 6. Bd3 cxd4 7. cxd4 Qb6 8. 0-0 Nxd4 9. Nxd4 Qxd4 10. Nc3 a6 11. Qe2 Bc5 12. Be3 Qb4 13. a3 Qb6 14. Bxc5 Qxc5 15. Rac1 Qd4 16. Kh1 Ne7 17. f4 0-0 18. Rcd1 Qc5 19. Qg4 f5 20. Qf3 Kh8 21. Rc1 Qb6 22. Qe2 Rg8 23. Rf3 g5 24. fxg5 Rxg5 25. Qf2 Qxf2 26. Rxf2 Nc6 27. Re1 Ne7 28. Be2 b5 29. Bf3 Rg6 30. Ne2 Rgg8 31. Nf4 Rgc8 32. Nh5 Ng8 33. g4 fxg4 34. Bxg4 Nh6 35. Bxe6 Bxe6 36. Rf6 Bg4 37. Rxh6 Bf3+ 38. Kg1 Rc2 39. Nf6 Ra7 40. Rh3 Rg7+ 41. Rg3 Rxg3+ 42. hxg3 Kg7 43. Re3 Bd1 44. Nxd5 Rxb2 45. e6 Bh5 46. Kf1 Rd2 47. Nf4 1/2-1/2